Kashmir : (Record no. 39837)

MARC details
000 -LEADER
fixed length control field 00806nam a22002297a 4500
005 - DATE AND TIME OF LATEST TRANSACTION
control field 20100806150110.0
010 ## - LCCN (DPL NO)
LC control number ENG-98750
020 ## - INTERNATIONAL STANDARD BOOK NUMBER
Terms of availability 550.00
035 ## - SYSTEM CONTROL NUMBER
System control number EN-82282
037 ## - SOURCE OF ACQUISITION
Source of stock number/acquisition DBAD/PUB
082 ## - DEWEY DECIMAL CLASSIFICATION NUMBER
Classification number 355.0310954095491
100 ## - MAIN ENTRY--PERSONAL NAME
Personal name Kaul, Pyarelal
245 ## - TITLE STATEMENT
Title Kashmir :
Remainder of title war or peace /
Statement of responsibility, etc by Pyrelal Kaul
260 ## - PUBLICATION, DISTRIBUTION, ETC. (IMPRINT)
Place of publication, distribution, etc Delhi
Name of publisher, distributor, etc Suman Publications
Date of publication, distribution, etc 2009
270 ## - ADDRESS
Address 370-D, J&K Pocket, Dilshahgarden
City Delhi
Postal code 110095
300 ## - PHYSICAL DESCRIPTION
Extent 287p.
Dimensions 24cm (Hb)
Accompanying material b&w photo
650 ## - SUBJECT ADDED ENTRY--TOPICAL TERM
Topical term or geographic name as entry element India
650 ## - SUBJECT ADDED ENTRY--TOPICAL TERM
Topical term or geographic name as entry element India
Geographic subdivision Jammu & Kashmir
650 ## - SUBJECT ADDED ENTRY--TOPICAL TERM
Topical term or geographic name as entry element International relation
942 ## - ADDED ENTRY ELEMENTS (KOHA)
Source of classification or shelving scheme Dewey Decimal Classification
Item type English Books
Classification part 355.0310954095491
Call number suffix KAU
Holdings
Withdrawn status Lost status Not for loan Collection code Home library Current library Date acquired Source of acquisition Cost, normal purchase price Full call number Barcode Copy number Cost, replacement price Koha item type
    Not For Loan Non-fiction D.B.Act.Division D.B.Act.Division 06/08/2010 DBAD/PUB 550.00 355.0310954095491 KAU EN-82282 1 550.00 English Books

© Delhi Public Library
Hit Counter
free hit counter